000 00328 a2200133 4500
001 153868
040 _cEscola São Tomás de Aquino
100 _aHARVEY, Keith
240 1 0 _aTibério e o bolo de chocolate
_lpor
245 1 0 _aTibério e o bolo de chocolate
362 0 _a2007
697 _a*LITERATURA INFANTO
942 _cBK
999 _c153868
_d153868